LEADER 01543oam 2200457zu 450 001 9910164309303321 005 20210807002218.0 010 $a0-8031-6911-6 035 $a(CKB)3170000000044011 035 $a(SSID)ssj0001490659 035 $a(PQKBManifestationID)11805491 035 $a(PQKBTitleCode)TC0001490659 035 $a(PQKBWorkID)11476784 035 $a(PQKB)10370052 035 $a(NjHacI)993170000000044011 035 $a(EXLCZ)993170000000044011 100 $a20160829d1951 uy 101 0 $aeng 135 $aur||||||||||| 181 $ctxt 182 $cc 183 $acr 200 10$aSymposium on Corrosion of Materials at Elevated Temperatures 210 31$a[Place of publication not identified]$cAmerican Society for Testing & Materials$d1951 215 $a1 online resource (121 pages) $cillustrations 225 1 $aASTM special technical publication, ;$v108 300 $aBibliographic Level Mode of Issuance: Monograph 311 $a0-8031-6505-6 320 $aIncludes bibliographical references. 410 0$aASTM special technical publication ;$v108. 606 $aCorrosion and anti-corrosives 606 $aMetals$xEffect of high temperatures on 615 0$aCorrosion and anti-corrosives. 615 0$aMetals$xEffect of high temperatures on. 676 $a620.1122 700 $aEvans$b C$0878362 801 0$bPQKB 906 $aBOOK 912 $a9910164309303321 996 $aSymposium on Corrosion of Materials at Elevated Temperatures$91960897 997 $aUNINA